[Event "Mittelrhein Verbandsliga-S 18/19"]
[Site "Nordrheinwestfalen"]
[Date "2019.03.10"]
[Round "8.6"]
[White "Badarch, Anand"]
[Black "Mihalevica, Diana"]
[Result "1/2-1/2"]
[WhiteElo "1638"]
[BlackElo "1981"]
[PlyCount "61"]
[EventDate "2018.09.02"]
[EventType "team-tourn"]
[EventRounds "11"]
[EventCountry "GER"]
[SourceTitle "EXT 2022"]
[Source "ChessBase"]
[SourceDate "2021.10.06"]
[SourceVersion "1"]
[SourceVersionDate "2021.10.06"]
[SourceQuality "1"]
[WhiteTeam "Koeln Lasker III"]
[BlackTeam "Porz SG IV"]
[WhiteTeamCountry "GER"]
[BlackTeamCountry "GER"]

1. d4 d5 2. c4 e6 3. Nc3 Nf6 4. cxd5 Nxd5 5. e4 Nxc3 6. bxc3 c5 7. Nf3 cxd4 8. cxd4 Bb4+ 9. Bd2 Bxd2+ 10. Qxd2 0-0 11. Bc4 Nd7 12. e5 Nb6 13. Bb3 Nd5 14. Ng5 b6 15. 0-0 Bb7 16. f4 h6 17. Ne4 Ne7 18. Nd6 Bd5 19. Bxd5 Nxd5 20. f5 Qh4 21. Rf3 Rfd8 22. Raf1 Rd7 23. Rg3 Rad8 24. Rff3 Rxd6 25. exd6 Rxd6 26. fxe6 Rxe6 27. Qf2 Qe7 28. h4 Re1+ 29. Kh2 Re2 30. Qf1 Ne3 31. Qc1 1/2-1/2